Dishonored/Dishonored 2/Dishonored: Death of the Outsider - Statistics

General Stats
  • This quiz has been taken 22 times
  • The average score is 11 of 23
Answer Stats
Hint Answer % Correct
What is the name of the royal protector? Corvo Attano
100%
Name the young man with short brown hair and pitch black eyes. The Outsider
100%
What is the capital of the Empire of the Isles? Dunwall
82%
During the events of Dishonored between the Months of High Cold and Hearths of 1837. How many people bear this gift. (Tipp: The Knife of Dunwall DLC) 8
76%
Name the isle with the capital of the empire. Gristol
76%
Who is the captain of the Dreadful Wale? Meagan Foster / Billie Lurk
76%
Name the empress that was assassinated. Jessamine Kaldwin
71%
The isle on which you find the “Jewel of the south” Serkonos
65%
What is the name of the group that teaches and reinforces these seven strictures? Abbey of the Everyman / Overseers
59%
What is the name of the mastermind of the coup against empress Emily Kaldwin in Dishonored 2? Delilah Copperspoon
59%
What is the name of the Lord Regent who was the mastermind of the coup against the empress in Dishonored? Hiram Burrows
53%
What gift are you offered in the void? Outsiders mark
53%
Name the most northern isle. Tyvia
53%
The isle of which the capital is named Wynnedown. Morley
41%
Name the other large landmass in the world of Dishonored The Pandyssian continent
29%
Name the 1st stricture. (The seven strictures) Wandering Gaze
18%
Name the 3rd stricture. (The seven strictures) Restless Hand
12%
Name the place where the “black eyed bastard” was killed as a young man over 4000 years ago. Shindaerey Peak
12%
Name the 7th stricture. (The seven strictures) Errant Mind
6%
Name the 2nd stricture. (The seven strictures) Lying Tongue
6%
Name the 5th stricture. (The seven strictures) Rampant Hunger
6%
Name the 4th stricture. (The seven strictures) Roving Feet
6%
Name the 6th stricture. (The seven strictures) Wanton Flesh
6%
No matching quizzes found
Score Distribution
Percent of People with Each Score
Percentile by Number Answered
Your Score History
You have not taken this quiz